| 000 | 00540nam a22001577a 4500 | ||
|---|---|---|---|
| 999 |
_c534257 _d534257 |
||
| 020 | _qHard Cover. | ||
| 082 | _a620.44 | ||
| 100 | _aRizwan Ullah | ||
| 245 |
_aFabrication and Characterization of RGO/TIN Oxide Nanocomposite using Hydrothermal Technique / _cRizwan Ullah. |
||
| 260 |
_aIslamabad: _bSCME - NUST, _c2015. |
||
| 300 |
_a58 p. : _bill. ; _c30cm. |
||
| 942 |
_2ddc _cTHE |
||
| 650 |
_aMaterial and Surface Engineering MS-Thesis. _916443 |
||
| 700 |
_aDr. Amir Habib _919483 |
||